Structures / (Record no. 11789)

MARC details
000 -CABECERA
campo de control de longitud fija 00751nam a2200241 4500
003 - IDENTIFICADOR DEL NÚMERO DE CONTROL
campo de control OSt
005 - FECHA Y HORA DE LA ÚLTIMA TRANSACCIÓN
campo de control 20260530113901.0
008 - DATOS DE LONGITUD FIJA--INFORMACIÓN GENERAL
campo de control de longitud fija 260505b1980 |||||||| |||| 00| 0 eng d
040 ## - FUENTE DE LA CATALOGACIÓN
Centro catalogador/agencia de origen ICI
Lengua de catalogación spa
Centro/agencia transcriptor ICI
041 ## - CÓDIGO DE LENGUA
Código de lengua del texto/banda sonora o título independiente eng
050 ## - SIGNATURA TOPOGRÁFICA DE LA BIBLIOTECA DEL CONGRESO
Número de clasificación TA645
Número de documento/Ítem S23
100 1# - ENTRADA PRINCIPAL--NOMBRE DE PERSONA
Nombre de persona Schodek, Daniel L.,
Fechas asociadas al nombre 1941-
Término indicativo de función/relación autor.
9 (RLIN) 32315
245 10 - MENCIÓN DE TÍTULO
Título Structures /
Mención de responsabilidad, etc. Daniel L. Schodek, Martin Bechthold
264 #1 - PRODUCCIÓN, PUBLICACIÓN, DISTRIBUCIÓN, FABRICACIÓN Y COPYRIGHT
Producción, publicación, distribución, fabricación y copyright New Jersey :
Nombre del de productor, editor, distribuidor, fabricante Pearson/Prentice Hall,
Fecha de producción, publicación, distribución, fabricación o copyright 1980
300 ## - DESCRIPCIÓN FÍSICA
Extensión 572 páginas :
Otras características físicas ilustraciones
336 ## - TIPO DE CONTENIDO
Término de tipo de contenido texto
Fuente rdacontent
337 ## - TIPO DE MEDIO
Nombre/término del tipo de medio sin medio
Fuente rdamedia
338 ## - TIPO DE SOPORTE
Nombre/término del tipo de soporte volumen
Fuente rdacarrier
650 04 - PUNTO DE ACCESO ADICIONAL DE MATERIA--TÉRMINO DE MATERIA
Término de materia o nombre geográfico como elemento de entrada Diseño de estructuras
9 (RLIN) 32316
650 04 - PUNTO DE ACCESO ADICIONAL DE MATERIA--TÉRMINO DE MATERIA
Término de materia o nombre geográfico como elemento de entrada Análisis estructural (Ingeniería)
9 (RLIN) 32317
700 1# - PUNTO DE ACCESO ADICIONAL--NOMBRE DE PERSONA
Nombre de persona Bechthold, Martin,
Término indicativo de función/relación autor
9 (RLIN) 32318
942 ## - ELEMENTOS DE PUNTO DE ACCESO ADICIONAL (KOHA)
Fuente del sistema de clasificación o colocación Library of Congress Classification
Tipo de ítem Koha
Suprimir en OPAC 1

No items available.